Na vlně i pod vlnou : deset let s Václavem Fischerem /

Hlavní autor: Kudynová, Věra, 1956-
Jazyk: Čeština
Vydáno: Praha : SinCon, 2005
Vydání: Vyd. 1.
Témata:
Externí odkaz: Digitalizovaný dokument
Fyzický popis: 275 s., [24] s. barev. obr. příl. : portréty ; 22 cm
Knihy
Uloženo v:
LEADER 02243cam a2200613 a 4500
001 nkc20051582089
003 CZ PrNK
005 20110718101348.0
007 ta
008 050624s2005 xr cf e 00 0acze
015 |a cnb001582089 
020 |a 80-86718-55-7  |q (váz.) 
035 |a (OCoLC)85162507 
040 |a OSA001  |b cze  |d ABA001 
043 |a e-xr--- 
045 |a x9y0 
072 7 |a 929  |x Biografie  |2 Konspekt  |9 8 
080 |a 658.114-051  |2 MRF 
080 |a 659.4-051  |2 MRF 
080 |a 929  |2 MRF 
080 |a 338.486.21  |2 MRF 
080 |a 659.3  |2 MRF 
080 |a 323  |2 MRF 
080 |a (437.3)  |2 MRF 
080 |a (0:82-94)  |2 MRF 
100 1 |a Kudynová, Věra,  |d 1956-  |7 jn19990209447  |4 aut 
245 1 0 |a Na vlně i pod vlnou :  |b deset let s Václavem Fischerem /  |c Věra Kudynová 
246 3 0 |a Deset let s Václavem Fischerem 
250 |a Vyd. 1. 
260 |a Praha :  |b SinCon,  |c 2005 
300 |a 275 s., [24] s. barev. obr. příl. :  |b portréty ;  |c 22 cm 
600 1 7 |a Fischer, Václav,  |d 1954-  |7 jn19981001156  |2 czenas 
600 1 7 |a Kudynová, Věra,  |d 1956-  |7 jn19990209447  |2 czenas 
610 2 7 |a Cestovní kancelář Fischer  |7 ko2002148960  |2 czenas 
648 4 |a 1990-2003 
648 7 |a od 1989  |7 ch462156  |2 czenas 
650 0 7 |a podnikatelé  |7 ph124163  |z Česko  |2 czenas 
650 0 7 |a cestovní kanceláře  |7 ph119111  |z Česko  |2 czenas 
650 0 7 |a tiskoví mluvčí  |7 ph224034  |z Česko  |2 czenas 
650 0 7 |a masmédia  |7 ph115233  |z Česko  |2 czenas 
650 0 9 |a businessmen  |z Czechia  |2 eczenas 
650 0 9 |a travel agencies  |z Czechia  |2 eczenas 
650 0 9 |a spokesmen  |z Czechia  |2 eczenas 
650 0 9 |a mass media  |z Czechia  |2 eczenas 
651 7 |a Česko  |7 ge128065  |x společnost a politika  |y od 1989  |2 czenas 
651 9 |a Czechia  |x society and politics  |y 1989-  |2 eczenas 
655 7 |a autobiografické vzpomínky  |7 fd131854  |2 czenas 
655 9 |a autobiographical reminiscences  |2 eczenas 
856 4 1 |u http://www.digitalniknihovna.cz/mzk/uuid/uuid:5d909f10-5bfb-11eb-b4d1-005056827e51  |y Digitalizovaný dokument  |x NDK 
910 2 |a BOA001  |b 2-1157.618 
990 |a BK 
995 |a 01 
991 |b 200511  |c NOV 
996 6 |b 2610263809  |c 2-1157.618  |l MZK  |r Sklad / do 1 hodiny  |n 3  |p p.v.  |w 000797445  |u 000010  |a 1  |e BOA001  |j MZK50  |s P